000 00598nam a2200205 a 4500
003 DO-SdBNP
005 20221019084738.0
007 ta
008 220916e2013 dr ||||gr|||| 00| e spa d
040 _aDO-SdBNP
_bspa
_cBNPHU
082 4 _axxx
_bR466m
_222
245 1 0 _aManual de oración :
_brecuerdo de la eucaristía del 6to año de la partida de Juan Ramón Segura Quiñones
260 _aSanto Domingo :
_bIglesia Nuestra Señora de la Paz,
_c2013
300 _a62 p. ;
_c14 cm.
590 _aInventariado 2022 / DG
650 _95768
650 _954316
910 _aDG
942 _2ddc
_cLBS1
999 _c52567
_d52567